Phối hợp tác động giữa thiết bị bảo vệ và tự động trong hệ thống điện
Phối hợp bảo vệ hệ thống điện bằng cầu chì và bảo vệ quá dòng; Phối hợp tác động giữa tự động đóng lại và thiết bị bảo vệ trên lưới phân phối; Phối hợp tác động giữa tự động đóng lại và thiết bị bảo vệ trên lưới truyền tải; Tự động hóa mạch vòng; Ứng dụng tính toán cho lưới điện phân phối tại Đà Nẵn...
Spremljeno u:
| Glavni autor: | |
|---|---|
| Daljnji autori: | |
| Format: | Knjiga |
| Jezik: | Vietnamese |
| Izdano: |
Đà Nẵng :
Đại học Đà Nẵng,
2005.
|
| Teme: | |
| Oznake: |
Dodaj oznaku
Bez oznaka, Budi prvi tko označuje ovaj zapis!
|
| Thư viện lưu trữ: | Mạng thư viện Đại học Đà Nẵng |
|---|
| LEADER | 01794cam a2200373 a 4500 | ||
|---|---|---|---|
| 001 | 000043830 | ||
| 003 | 1915 | ||
| 005 | 20060220154809.0 | ||
| 008 | 010217b2005 vm 000 vie | ||
| 040 | |a LRC |c LRC |d LRC | ||
| 041 | 0 | |a vie | |
| 082 | 1 | 4 | |a 621.319 |b NG-D |
| 100 | 1 | |a Nguyễn Ngọc Dũng. | |
| 245 | 1 | 0 | |a Phối hợp tác động giữa thiết bị bảo vệ và tự động trong hệ thống điện |h [Thesis - Luận văn] / |c Nguyễn Ngọc Dũng thực hiện; Lê Kim Hùng hướng dẫn. |
| 260 | |a Đà Nẵng : |b Đại học Đà Nẵng, |c 2005. | ||
| 300 | |a 11, 97 tr. : |b mh. ; |c 29 cm. | ||
| 520 | 3 | |a Phối hợp bảo vệ hệ thống điện bằng cầu chì và bảo vệ quá dòng; Phối hợp tác động giữa tự động đóng lại và thiết bị bảo vệ trên lưới phân phối; Phối hợp tác động giữa tự động đóng lại và thiết bị bảo vệ trên lưới truyền tải; Tự động hóa mạch vòng; Ứng dụng tính toán cho lưới điện phân phối tại Đà Nẵng. | |
| 630 | 0 | 4 | |a Hệ thống điện. |
| 650 | 0 | 4 | |a Lưới điện |x Bảo vệ. |
| 650 | 0 | 4 | |a Tự động. |
| 700 | 1 | |a Lê Kim Hùng, |c PGS.TS., |e hướng dẫn. | |
| OWN | |a DUT | ||
| AVA | |a UDN50 |b DUT |c Internal Resources |d 621.319 NG-D |e available |t Error 5001 Not defined in file expand_doc_bib_avail. |f 2 |g 0 |h N |i 0 |j NS |k 1 | ||
| 999 | |a From the UDN01 | ||
| AVA | |a UDN50 |b DUT |c Internal Resources |d 621.319 NG-D |e available |t Error 5001 Not defined in file expand_doc_bib_avail. |f 2 |g 0 |h N |i 0 |j NS |k 1 | ||
| TYP | |a Mixed Materials | ||
| TYP | |a Monograph | ||
| TYP | |a Printed language | ||
| 980 | |a Mạng thư viện Đại học Đà Nẵng | ||